Quiz à choix multiples sur les animaux - Statistiques

Statistiques générales
  • Ce quiz a été pris 219 fois
  • Le résultat moyen est 8 sur 15
Statistiques - réponses
Question Réponse % Correct
Quel est le seul mammifère capable de voler ? Chauve-souris
83%
Quel est l'animal qui possède la plus grande longévité ? Tortue géante des Galápagos
75%
Quel est l'animal qui peut vivre sans boire d'eau pendant plusieurs mois ? Chameau
72%
Quel est l'animal qui possède la plus grande population sur Terre ? Fourmi
67%
Quel est l'animal qui peut voir derrière lui sans bouger sa tête ? Caméléon
63%
Quel est l'animal qui peut voir dans le noir total ? Chouette
59%
Quel est l'oiseau le plus rapide ? Faucon pèlerin
59%
Quel est l'oiseau le plus lourd du monde ? Autruche
51%
Quel est le plus grand prédateur marin ? Orque
51%
Quel animal est capable de tenir sa respiration sous l'eau pendant plus de 2 heures ? Baleine
50%
Quel est l'animal le plus lent du monde ? Escargot
46%
Quel est l'animal le plus venimeux du monde ? Méduse-boîte
38%
Quel est l'animal qui peut régénérer certaines parties de son corps, comme ses membres ? Axolotl
33%
Quel est l'animal le plus intelligent après l'homme ? Éléphant
9%
Quel est l'animal terrestre le plus rapide ? Antilope saïga
1%
Aucun quiz correspondant
Distribution des résultats
% des personnes avec chaque résultat
Percentile par nombre de réponses
Votre historique - résultats
Vous n’avez pas pris ce quiz